000 01216nam a22004697a 4500
001 BR8206624
003 BR-BrBNA
005 20230928091525.0
007 ta
008 230509b bl.||||| |||| 00| 0 por d
040 _aBR-BrBNA
_bpor
_cBiblioteca Nacional de Agricultura
041 _a(Por)
072 _aF00; E70
_b3530
_b/G514
090 _ 3530 BR8206624
110 1 _aComissao Estadual de Planejamento Agricola, Fortaleza, CE (Brasil)
_92048
245 1 _aDiagnostico das principais culturas demandantes de mudas no Estado do Ceara [cultura agricola, producao agricola, Ceara, Brasil]
260 3 _aFortaleza, CE (Brasil):
_c1982.
300 _a103 p.
500 _a43 tables
650 _aMUDA
650 _aABACATE
650 _aABACAXI
650 _aBANANA
650 _aCAFE
650 _aCAJU
650 _aCANA DE ACUCAR
650 _aCOCO
650 _aGOIABA
650 _aLARANJA
650 _aLIMAO
650 _aMAMAO
650 _aMANDIOCA
650 _aMANGA
650 _aMARACUJA
650 _aPIMENTA DO REINO
650 _aSISAL
650 _aTANGERINA
650 _aUVA
650 _aCEARA
909 _a202309
_bLucia
_c55
_dLucia Elande
942 _cBK
999 _c34246
_d34246